000
00247 a2200097 4500
001
40811
100
_a
Lexicon Pubs
245
_a
Lexicon Universal Encyclopedia (Vol-10)
260
_a
New York
_b
Lexicon Publications Inc.
_c
090
_c
25073
_d
25073
942
_a
NUST-CAE
_c
M
_c
16751
999
_c
275884
_d
275884